Maschio amante felice

में बचाया:
ग्रंथसूची विवरण
मुख्य लेखक: Rise' Claudio
स्वरूप: पुस्तक
भाषा:अज्ञात या अवैध भाषा
प्रकाशित: Milano Frassinelli 1998
टैग: टैग जोड़ें
कोई टैग नहीं, इस रिकॉर्ड को टैग करने वाले पहले व्यक्ति बनें!

MARC

LEADER 00000nam a2200000Ia 4500
001 58
003 NUMERAZIONE-ORIGINALE-BRESCIA
005 20260206230747.0
008 260206s9999 xx 000 0 und d
100 |a Rise' Claudio 
245 0 |a Maschio amante felice 
260 |a Milano 
260 |b Frassinelli 
260 |c 1998 
500 |a Frassinelli tascabili 
500 |a Ovvero della belezza di essere uomini 
942 |2 ddc  |c BK  |n 0 
952 |0 0  |1 0  |2 ddc  |4 0  |6 25  |7 0  |9 28244  |a BS  |b BS  |d 2026-02-06  |i 58  |l 0  |o 2-5-*  |r 2026-02-06 22:40:31  |w 2026-02-06  |x [REVISIONARE]  |y BK 
999 |c 23940  |d 23940